000 00419nam a2200157 i 4500
001 bg
100 1 _aKRZYSIAK, A.
245 0 0 _aEkonomika i organizacja gospodarstw rolniczych.
_nCz. 2,
_pĆwiczenia /
_cA. Krzysiak, K. Kubrak.
250 _aWyd. 3 popr. i uzup.
260 _aWarszawa,
_c1972.
700 1 _aKUBRAK, K.
040 _cBPK
041 _apol
942 _cKS
008 s pl f |000 0 pol
999 _c34840
_d34840
856 _uhttp://koha.tu.koszalin.pl/cgi-bin/koha/opac-detail.pl?biblionumber=34840
_yKatalog online BPK